[Event "Moncada Cup-H"]
[Site "Santiago de Cuba"]
[Date "2019.03.20"]
[Round "1.2"]
[White "Torres Valiente, Brayan"]
[Black "Cardosa Espino, Adria"]
[Result "1/2-1/2"]
[WhiteElo "1847"]
[BlackElo "1850"]
[PlyCount "75"]
[EventDate "2019.03.20"]
[EventType "tourn"]
[EventRounds "10"]
[EventCountry "CUB"]
[SourceTitle "EXT 2023"]
[Source "ChessBase"]
[SourceDate "2022.10.05"]
[SourceVersion "1"]
[SourceVersionDate "2022.10.05"]
[SourceQuality "1"]

1. e4 e5 2. Nf3 Nc6 3. Bb5 a6 4. Bxc6 dxc6 5. 0-0 Bg4 6. d3 Qf6 7. Be3 Bxf3 8. Qxf3 Qxf3 9. gxf3 Bd6 10. Nc3 f5 11. exf5 Ne7 12. Ne2 Nxf5 13. f4 exf4 14. Bxf4 0-0-0 15. Bd2 Rde8 16. Rae1 Re6 17. c3 Nh4 18. f4 Rhe8 19. Rf2 Nf3+ 20. Rxf3 Rxe2 21. Rxe2 Rxe2 22. Rf2 Re7 23. Kg2 Kd7 24. Kf3 Ke6 25. Rg2 Rf7 26. h4 h6 27. Ke4 Kf6 28. h5 Re7+ 29. Kf3 Kf5 30. Be3 Rd7 31. Rg4 c5 32. d4 cxd4 33. Bxd4 Bf8 34. Rg2 c5 35. Be5 Rd3+ 36. Ke2 Rh3 37. Bxg7 Bxg7 38. Rxg7 1/2-1/2

[Event "Santiago de Cuba Province-ch final"]
[Site "Santiago de Cuba"]
[Date "2018.09.30"]
[Round "8"]
[White "Cardosa Espino, Adria"]
[Black "Linares Napoles, Oleiny"]
[Result "0-1"]
[WhiteElo "1792"]
[BlackElo "2231"]
[PlyCount "94"]
[EventDate "2018.09.26"]
[EventType "swiss"]
[EventRounds "9"]
[EventCountry "CUB"]
[SourceTitle "EXT 2021"]
[Source "ChessBase"]
[SourceDate "2020.10.23"]
[SourceVersion "1"]
[SourceVersionDate "2020.10.23"]
[SourceQuality "1"]

1. e4 c5 2. Nf3 e6 3. d4 cxd4 4. Nxd4 a6 5. Nc3 Qc7 6. g3 Nf6 7. Bg2 Nc6 8. Nb3 Be7 9. 0-0 0-0 10. f4 d6 11. Re1 Re8 12. Be3 b5 13. a3 Bb7 14. Qe2 Rac8 15. Rad1 b4 16. axb4 Nxb4 17. Rd2 g6 18. Bf2 Bf8 19. e5 Bxg2 20. Kxg2 dxe5 21. Qxe5 Qb7+ 22. Kg1 Bg7 23. Qd6 Rc6 24. Qe5 Nxc2 25. Na5 Nxe1 26. Qxe1 Qc8 27. Nxc6 Qxc6 28. Qd1 h5 29. Rd6 Qc4 30. Rd4 Qc8 31. Qa4 e5 32. fxe5 Rxe5 33. Rc4 Qb7 34. Rb4 Qa8 35. Rb6 a5 36. Rb5 Ng4 37. Rxe5 Bxe5 38. Bb6 Qf3 39. Qe4 Qxe4 40. Nxe4 a4 41. Nc5 Bd4+ 42. Kh1 Bxb2 43. Nxa4 Be5 44. Kg2 f5 45. Bc5 Kf7 46. h3 Nf6 47. Nb6 Bxg3 0-1

[Event "Santiago de Cuba Province-ch final"]
[Site "Santiago de Cuba"]
[Date "2018.09.26"]
[Round "1"]
[White "Cardosa Espino, Adria"]
[Black "Cespedes Bejerano, Jose Angel"]
[Result "0-1"]
[WhiteElo "1792"]
[BlackElo "2080"]
[PlyCount "106"]
[EventDate "2018.09.26"]
[EventType "swiss"]
[EventRounds "9"]
[EventCountry "CUB"]
[SourceTitle "EXT 2021"]
[Source "ChessBase"]
[SourceDate "2020.10.23"]
[SourceVersion "1"]
[SourceVersionDate "2020.10.23"]
[SourceQuality "1"]

1. e4 e5 2. Bc4 Nf6 3. d4 exd4 4. Nf3 Nc6 5. 0-0 d6 6. Nxd4 Nxd4 7. Qxd4 Be7 8. Nc3 0-0 9. h3 c6 10. Bf4 b5 11. Be2 Be6 12. Rad1 Ne8 13. Bh2 Qa5 14. a3 Rb8 15. b4 Qb6 16. Qxb6 Rxb6 17. e5 d5 18. Kh1 f5 19. f4 Rb7 20. Bg1 Nc7 21. Nb1 Ra8 22. c3 a5 23. Rc1 Bd7 24. Rc2 Ne6 25. Nd2 axb4 26. axb4 Ra3 27. Nb1 Ra1 28. Nd2 Rxf1 29. Bxf1 Nxf4 30. Ra2 Ne6 31. Nb3 Kf7 32. Rf2 f4 33. Rf3 Kg8 34. g3 fxg3 35. Rxg3 Rb8 36. Nd4 Nxd4 37. Bxd4 Bf5 38. e6 g6 39. Bd3 Bxe6 40. Re3 Kf7 41. Rf3+ Ke8 42. Re3 Kd7 43. Kg2 Ra8 44. Re2 Ra3 45. Re3 Ra2+ 46. Re2 Ra1 47. Rd2 Rc1 48. Rc2 Rxc2+ 49. Bxc2 c5 50. bxc5 Kc6 51. Bd3 Bxc5 52. Bf6 Bf5 53. Be2 Ba3 0-1

[Event "CUB-ch U18 Girls"]
[Site "San Nicolas de Bari"]
[Date "2018.06.16"]
[Round "6"]
[White "Rodriguez Guerra, Melissa"]
[Black "Cardosa Espino, Adria"]
[Result "1-0"]
[WhiteElo "1949"]
[BlackElo "1771"]
[PlyCount "79"]
[EventDate "2018.06.13"]
[EventType "swiss"]
[EventRounds "9"]
[EventCountry "CUB"]
[SourceTitle "EXT 2021"]
[Source "ChessBase"]
[SourceDate "2020.10.23"]
[SourceVersion "1"]
[SourceVersionDate "2020.10.23"]
[SourceQuality "1"]

1. e4 e5 2. Nf3 Nc6 3. d4 exd4 4. Nxd4 Nf6 5. Nxc6 bxc6 6. e5 Qe7 7. Qe2 Nd5 8. c4 Nb6 9. Nd2 a5 10. b3 a4 11. Bb2 axb3 12. axb3 Rxa1+ 13. Bxa1 Qa3 14. Qd1 Bb4 15. Bd3 Qa5 16. Bd4 0-0 17. Qc2 h6 18. Ke2 Re8 19. Ra1 Ba3 20. Bb2 Rxe5+ 21. Kf1 Rh5 22. Rxa3 Qc5 23. Qc3 f6 24. Nf3 Qd6 25. Qd4 Qe7 26. Bg6 Rc5 27. Ra1 d6 28. Bc3 Bd7 29. Bb4 Rxc4 30. bxc4 c5 31. Bxc5 dxc5 32. Qe4 Qd6 33. Re1 Bc6 34. Qe6+ Qxe6 35. Rxe6 Bd7 36. Re7 Kf8 37. Rf7+ Kg8 38. Nh4 Be6 39. Rxc7 Bxc4+ 40. Ke1 1-0

[Event "Bayamo Cespedes tt"]
[Site "Bayamo"]
[Date "2018.03.05"]
[Round "9.3"]
[White "Rodriguez Basulto, Reyson Ricardo"]
[Black "Cardosa Espino, Adria"]
[Result "1-0"]
[WhiteElo "1911"]
[BlackElo "1767"]
[PlyCount "49"]
[EventDate "2018.03.01"]
[EventType "team-tourn"]
[EventRounds "10"]
[EventCountry "CUB"]
[EventCategory "1"]
[SourceTitle "CBM 195 Extra"]
[Source "ChessBase"]
[SourceDate "2020.05.31"]
[SourceVersion "1"]
[SourceVersionDate "2020.05.31"]
[SourceQuality "1"]

1. e4 e5 2. Nf3 Nc6 3. Bb5 a6 4. Ba4 Nf6 5. 0-0 Nxe4 6. d4 b5 7. Bb3 d5 8. dxe5 Be6 9. c3 Bc5 10. Nbd2 Nxd2 11. Bxd2 0-0 12. Bc2 h6 13. Bf4 f6 14. Qd3 f5 15. h4 Ne7 16. a4 Qd7 17. b4 Bb6 18. Ra3 Rad8 19. axb5 axb5 20. Nd4 c6 21. Rfa1 Bc7 22. Ra7 Rc8 23. h5 Bf7 24. e6 Bxe6 25. Bxc7 1-0

[Event "CUB School-chT"]
[Site "Santa Clara"]
[Date "2017.07.17"]
[Round "9.4"]
[White "Cardosa Espino, Adria"]
[Black "Diaz Garcia, Lianet"]
[Result "0-1"]
[WhiteElo "1669"]
[BlackElo "1716"]
[PlyCount "106"]
[EventDate "2017.07.13"]
[EventType "team-swiss"]
[EventRounds "9"]
[EventCountry "CUB"]
[SourceTitle "EXT 2023"]
[Source "ChessBase"]
[SourceDate "2022.10.05"]
[SourceVersion "1"]
[SourceVersionDate "2022.10.05"]
[SourceQuality "1"]

1. e4 c5 2. Nf3 g6 3. c4 Bg7 4. Nc3 Nc6 5. b3 Nf6 6. Bd3 0-0 7. a3 d6 8. Bb2 Bg4 9. Qc2 Bxf3 10. gxf3 Nd4 11. Qd1 Nh5 12. Bf1 e6 13. Na4 Qh4 14. d3 f5 15. Bxd4 Bxd4 16. Ra2 a6 17. Rc2 b5 18. Nb2 b4 19. axb4 cxb4 20. Na4 Rf7 21. Rg1 Raf8 22. e5 Qxh2 23. Rg2 Qxe5+ 24. Re2 Bc3+ 25. Nxc3 Qxc3+ 26. Rd2 e5 27. Qc2 Qxc2 28. Rxc2 Nf4 29. Rg1 Rc7 30. Kd2 d5 31. d4 exd4 32. cxd5 Rxc2+ 33. Kxc2 Rc8+ 34. Bc4 Kg7 35. Kb2 Kf6 36. Rd1 d3 37. Kb1 a5 38. Bxd3 Nxd3 39. Rxd3 Rd8 40. f4 h6 41. Rh3 Rxd5 42. Rxh6 Rd3 43. Kb2 Rd2+ 44. Kb1 Rxf2 45. Rh4 Ke6 46. Rh6 Rg2 47. Rh8 Rg4 48. Ra8 Rxf4 49. Ra6+ Kf7 50. Rxa5 g5 51. Kc2 g4 52. Kd2 g3 53. Ra7+ Kf6 0-1

[Event "CUB-ch U18 Girls"]
[Site "Camaguey"]
[Date "2017.06.23"]
[Round "5.5"]
[White "Garcia Terry, Legna"]
[Black "Cardosa Espino, Adria"]
[Result "1-0"]
[WhiteElo "1839"]
[BlackElo "1606"]
[PlyCount "95"]
[EventDate "2017.06.21"]
[EventType "swiss"]
[EventRounds "9"]
[EventCountry "CUB"]
[SourceTitle "EXT 2023"]
[Source "ChessBase"]
[SourceDate "2022.10.05"]
[SourceVersion "1"]
[SourceVersionDate "2022.10.05"]
[SourceQuality "1"]

1. e4 e5 2. Bc4 Nf6 3. d3 Nc6 4. Nf3 Bc5 5. c3 d6 6. b4 Bb6 7. a4 a6 8. Qb3 Qe7 9. a5 Ba7 10. 0-0 0-0 11. Bg5 Be6 12. Bxf6 Qxf6 13. Bxe6 fxe6 14. Nbd2 Ne7 15. d4 exd4 16. cxd4 Ng6 17. g3 Kh8 18. Qd3 e5 19. d5 Ne7 20. Kg2 Ng8 21. Rac1 Rf7 22. h4 h6 23. h5 Qd8 24. Nh4 Qg5 25. f4 Qxh5 26. f5 Nf6 27. Ndf3 Qg4 28. Rc4 Nh5 29. Ng6+ Kg8 30. Nfxe5 dxe5 31. Nxe5 Qxg3+ 32. Qxg3 Nxg3 33. Kxg3 Re7 34. Ng6 Rd7 35. Nf4 Rc8 36. e5 Rdd8 37. Rd1 Kf7 38. Kf3 Re8 39. Ke4 Bb8 40. Ne6 Rg8 41. Rg1 Ke7 42. Rxg7+ Rxg7 43. Nxg7 Rg8 44. f6+ Kf7 45. Kf5 Rd8 46. e6+ Kg8 47. e7 Rxd5+ 48. Ke4 1-0

[Event "CUB-ch U18 Girls"]
[Site "Camaguey"]
[Date "2017.06.21"]
[Round "2.3"]
[White "Cardosa Espino, Adria"]
[Black "Diaz Del Valle, Laura Beatriz"]
[Result "0-1"]
[WhiteElo "1606"]
[BlackElo "2134"]
[PlyCount "98"]
[EventDate "2017.06.21"]
[EventType "swiss"]
[EventRounds "9"]
[EventCountry "CUB"]
[SourceTitle "EXT 2023"]
[Source "ChessBase"]
[SourceDate "2022.10.05"]
[SourceVersion "1"]
[SourceVersionDate "2022.10.05"]
[SourceQuality "1"]

1. e4 c5 2. Nf3 d6 3. d4 cxd4 4. Qxd4 Nc6 5. Bb5 Bd7 6. Bxc6 Bxc6 7. Nc3 Nf6 8. Bg5 e6 9. 0-0-0 Be7 10. Rhe1 0-0 11. Kb1 h6 12. Bh4 Qc7 13. Qd2 Rfd8 14. Nd4 Rab8 15. f3 Nxe4 16. Rxe4 Bxe4 17. Ndb5 Bxc2+ 18. Kxc2 Qd7 19. Bxe7 Qxe7 20. Nxd6 Rd7 21. Qf4 e5 22. Qb4 Rbd8 23. Nce4 a5 24. Qxa5 Rc7+ 25. Kb1 Kh7 26. Qd5 Rc6 27. Rc1 Rcxd6 28. Nxd6 Rxd6 29. Qe4+ g6 30. f4 Re6 31. f5 Rd6 32. Re1 Rd2 33. fxg6+ fxg6 34. h4 h5 35. a3 b6 36. g3 Qe6 37. Qxe5 Rd1+ 38. Kc2 Rxe1 39. Qc7+ Qe7 40. Qxb6 Re2+ 41. Kb1 Qe4+ 42. Ka2 Qc4+ 43. Qb3 Qxb3+ 44. Kxb3 Kg7 45. a4 Kf7 46. a5 Ke8 47. Kc3 Kd8 48. b4 Kc7 49. b5 Re4 0-1

[Event "Moncada Cup"]
[Site "Santiago de Cuba"]
[Date "2017.03.24"]
[Round "5.3"]
[White "Cardosa Espino, Adria"]
[Black "Perez Lorenzo, Enmanuel"]
[Result "1/2-1/2"]
[WhiteElo "1703"]
[BlackElo "1708"]
[PlyCount "20"]
[EventDate "2017.03.21"]
[EventType "swiss"]
[EventRounds "10"]
[EventCountry "CUB"]
[SourceTitle "EXT 2023"]
[Source "ChessBase"]
[SourceDate "2022.10.05"]
[SourceVersion "1"]
[SourceVersionDate "2022.10.05"]
[SourceQuality "1"]

1. e4 c5 2. Nf3 e6 3. d4 cxd4 4. Nxd4 a6 5. Nc3 b5 6. a3 Bb7 7. Bd3 d6 8. 0-0 Nf6 9. Qe2 Nbd7 10. Rd1 Be7 1/2-1/2

[Event "Moncada Cup"]
[Site "Santiago de Cuba"]
[Date "2017.03.23"]
[Round "4.1"]
[White "Batista Rivera, Idalis"]
[Black "Cardosa Espino, Adria"]
[Result "1-0"]
[WhiteElo "1845"]
[BlackElo "1703"]
[PlyCount "69"]
[EventDate "2017.03.21"]
[EventType "swiss"]
[EventRounds "10"]
[EventCountry "CUB"]
[SourceTitle "EXT 2023"]
[Source "ChessBase"]
[SourceDate "2022.10.05"]
[SourceVersion "1"]
[SourceVersionDate "2022.10.05"]
[SourceQuality "1"]

1. e4 e5 2. Nf3 Nc6 3. Bb5 a6 4. Ba4 Nf6 5. Qe2 b5 6. Bb3 Bc5 7. d3 d6 8. c3 0-0 9. 0-0 Bd7 10. Nbd2 Bb6 11. Bc2 Ne7 12. Nb3 Ng6 13. Be3 Bxe3 14. fxe3 Re8 15. Nbd2 Bg4 16. h3 Bd7 17. Qf2 h6 18. Rfe1 Nh7 19. Qg3 Ngf8 20. Nh4 Qg5 21. Qxg5 Nxg5 22. Rf1 Nfh7 23. Ndf3 Be6 24. Nxg5 Nxg5 25. Nf5 f6 26. h4 Nf7 27. Ng3 Nd8 28. d4 Bg4 29. a4 Ne6 30. Bb3 Kf8 31. Bd5 Rab8 32. axb5 Rxb5 33. Bc6 Rxb2 34. Bxe8 Kxe8 35. Rxa6 1-0

[Event "Chessung Gp5 (Women)"]
[Site "Guantanamo"]
[Date "2017.02.16"]
[Round "2.2"]
[White "Cardosa Espino, Adria"]
[Black "Bosch Valls, Leannet Mariah"]
[Result "0-1"]
[WhiteElo "1703"]
[BlackElo "1891"]
[PlyCount "66"]
[EventDate "2017.02.16"]
[EventType "tourn"]
[EventRounds "10"]
[EventCountry "CUB"]
[SourceTitle "EXT 2023"]
[Source "ChessBase"]
[SourceDate "2022.10.05"]
[SourceVersion "1"]
[SourceVersionDate "2022.10.05"]
[SourceQuality "1"]

1. e4 e5 2. Bc4 Nc6 3. Nc3 Nf6 4. d3 Be7 5. Nge2 Na5 6. Bb3 Nxb3 7. axb3 d5 8. exd5 Nxd5 9. 0-0 0-0 10. Nxd5 Qxd5 11. Nc3 Qd8 12. Re1 f6 13. Qf3 c6 14. Be3 a6 15. Na4 Be6 16. Bc5 Bxc5 17. Nxc5 Bd5 18. Qh3 Qe7 19. Ne4 f5 20. Ng3 f4 21. Ne4 Be6 22. Qf3 Qh4 23. h3 Rf5 24. Kf1 Raf8 25. Ke2 Bf7 26. g4 fxg3 27. Qxg3 Bh5+ 28. Kd2 Rxf2+ 29. Kc3 Qe7 30. Rg1 R2f3 31. Qg2 Bg6 32. Rad1 a5 33. Kd2 Bxe4 0-1

[Event "Granma Oriental zt (Women)"]
[Site "Granma"]
[Date "2016.11.21"]
[Round "1.1"]
[White "Cardosa Espino, Adria"]
[Black "Cabrera Ladron de Guevara, Mayra"]
[Result "0-1"]
[WhiteElo "1704"]
[BlackElo "2076"]
[PlyCount "116"]
[EventDate "2016.11.21"]
[EventType "tourn"]
[EventRounds "11"]
[EventCountry "CUB"]
[SourceTitle "EXT 2023"]
[Source "ChessBase"]
[SourceDate "2022.10.05"]
[SourceVersion "1"]
[SourceVersionDate "2022.10.05"]
[SourceQuality "1"]

1. e4 c5 2. Nf3 d6 3. d4 cxd4 4. Qxd4 Bd7 5. Nc3 Nc6 6. Qd3 a6 7. Be3 e6 8. Nd4 Ne5 9. Qd1 Qc7 10. f4 Nc4 11. Bxc4 Qxc4 12. Nb3 b5 13. a3 Nf6 14. Qd4 Ng4 15. Bd2 Rb8 16. Qa7 Qc8 17. Qd4 e5 18. Qd3 Be6 19. Nd5 Qc4 20. Qf3 Bxd5 21. exd5 Nf6 22. fxe5 dxe5 23. Qc3 Bd6 24. 0-0-0 Nxd5 25. Qxc4 bxc4 26. Na5 Nb6 27. Be3 Bc7 28. Bxb6 Bxb6 29. Nxc4 Bc7 30. Rhe1 f6 31. Nd6+ Kf8 32. Re4 Rd8 33. Nb7 Rxd1+ 34. Kxd1 Ke7 35. Ra4 Rb8 36. Rb4 g6 37. Nc5 Rxb4 38. axb4 a5 39. bxa5 Bxa5 40. Ke2 Bb6 41. Na4 Bd4 42. c3 Bg1 43. h3 Kd6 44. Kd3 f5 45. b3 e4+ 46. Ke2 g5 47. c4 h5 48. Nc3 Kc5 49. Nd5 Bd4 50. Ne7 f4 51. Nd5 Be5 52. Kf2 Kd4 53. Ke2 g4 54. hxg4 hxg4 55. g3 f3+ 56. Kf2 e3+ 57. Nxe3 Bxg3+ 58. Kxg3 Kxe3 0-1